Niekoľko úvah o uznaní dlhu

Autor sa v príspevku zaoberá podstatou uznania dlhu ako zabezpečovacieho inštitútu z hľadiska slovenského práva. Dospieva pritom k záveru, že význam uznania dlhu sa nevyčerpáva v účinkoch na premlčanie a v založení domnienky trvania dlhu v čase uznania. Význam uznania dlhu podľa neho spočíva aj v to...

Full description

Saved in:
Bibliographic Details
Main Author: Hlušák, Milan
Format: Book Chapter
Language:Slovak
Subjects:
Tags: Add Tag
No Tags, Be the first to tag this record!

MARC

LEADER 00000naa a2200000 4500
001 0303306
005 20240801083651.1
041 0 |a slo 
044 |a SK 
245 1 0 |a Niekoľko úvah o uznaní dlhu  |c Milan Hlušák 
520 |a Autor sa v príspevku zaoberá podstatou uznania dlhu ako zabezpečovacieho inštitútu z hľadiska slovenského práva. Dospieva pritom k záveru, že význam uznania dlhu sa nevyčerpáva v účinkoch na premlčanie a v založení domnienky trvania dlhu v čase uznania. Význam uznania dlhu podľa neho spočíva aj v tom, že sa dlžník vzdáva svojich právotvorných oprávnení a trvalých námietok, ktorými by sa mohol voči veriteľovej pohľadávke brániť a o ktorých v čase uznania vedel alebo mohol vedieť (mal s nimi počítať). 
610 2 0 |a dlhy 
610 2 0 |a zákonník občiansky 
610 2 0 |a pohľadávky 
610 2 0 |a dlžníci 
610 2 0 |a veritelia 
100 1 |a Hlušák, Milan